000 02231cam a22004574i 4500
003 PE-LiUPU
005 20250731165519.0
008 150623s r 000 0 d
035 _a(Sirsi) a26530
040 _aPE-LiUPU
_bspa
_cPE-LiUPU
_erda
082 0 4 _a985.41
_bM19
_221
100 1 _aMálaga Núñez-Zeballos, Alejandro,
_d1967-,
_eautor.
245 1 0 _aHistoria de la virgen candelaria en el obispado de Arequipa S. XVI-XX /
_cAlejandro Málaga Núñez-Zeballos.
264 1 _aArequipa :
_bUniversidad Católica de Santa María,
_c2000.
300 _a135 páginas :
_bilustraciones fotos, gráficos ;
_c20 cm.
336 _atext
_2rdacontent
337 _aunmediated
_2rdamedia
338 _avolume
_2rdacarrier
500 _aTexto apaisado.
505 0 _aMensaje: Excelentísimo monseñor Fernando Vargas Ruiz de Somocurcio S. J. Arzobispo emérito de Arequipa.- Voz de aliento: Excelentísimo monseñor Severo Aparicio presidente de la Academia Peruana de Historia Eclesiástica. Presentación: Doctor Luis Carpio Ascuña. Excelentísimo señor rector de la Universidad Católica de Santa María. Prólogo: Doctor Luis Millones. La entronización de Santa María. Las Islas Canarias y su patrona. María llega a América. El cuntisuyu y el obispado de Arequipa. San Miguel Arcángel de Caima. De Copacabana a San Juan Bautista de Characato. La mamita de Chapi y sus hermanas. El mar, un puerto y la virgen en Quilca. La devoción de los Collaguas.
526 _aSEG44
526 _aSEG26
526 _aP151
526 _aP150
526 _aP149
526 _aP146
526 _aP145
526 _aP126
526 _aP125
526 _aP92
526 _aP75
526 _aP74
526 _aP27
526 _aP15
650 0 4 _aVirgen Candelaria
_xhistoria
_zArequipa.
942 _2ddc
_cBOOK
949 _a985.41 M19
_wDEWEY
_c1
_i51810
_lCCODEBUL1
_mBUL
_p5.00
_r0
_sY
_tBOOK
_u2015-06-24
_xBIBLIOTECA
_zUNKNOWN
_0COMPRA
_o.STAFF. Colección General
596 _a1
999 _a985.41 M19
_wDEWEY
_c33572
_i51810
_f2021-11-8
_g4
_lRCG
_mBUL
_p5.00
_r1
_sY
_tBOOK
_u2015-6-24
_xBIBLIOTECA
_zUNKNOWN
_0COMPRA
_o.STAFF. Colección General
_d33572
980 _81
_gALBERTO SANCHEZ Responsable de Automatización